000
00317nam a22001337a 4500
008
181022b xxu||||| |||| 00| 0 eng d
020
_a
9780805839784
041
_a
eng
080
_a
159.9
100
_a
48
101
_a
PSI
245
_a
Empirical Direction in Design and Analysis
_c
Anderson,N.H
942
_2
udc
_c
BK
999
_c
50468
_d
50468